| 000 | 00511nam a22001817a 4500 | ||
|---|---|---|---|
| 005 | 20251108172440.0 | ||
| 008 | 250721s9999 xx 000 0 ara d | ||
| 082 | 1 | 4 | _a818.03واد |
| 100 | 1 | _aوادي، طه | |
| 245 | 1 | 0 | _aالليالي : سيرة ذاتية / |
| 264 | 1 |
_aالقاهرة : _bمكتبة مصر، |
|
| 300 | _a384ص | ||
| 650 | 1 | 7 | _aالأدب العربي |
| 650 | 1 | 7 | _aالمذكرات الأدبية |
| 650 | 1 | 7 | _aالتراجم الذاتية |
| 942 |
_2ddc _cBK |
||
| 999 |
_c79622 _d79622 |
||